书目信息 |
| 题名: |
中国图书情报工作文库
|
|
| 作者: | 辛希孟 主编 | |
| 分册: | 第二卷 | |
| 出版信息: | 北京 中央编译出版社 1996 |
|
| 页数: | 5卷(6811页) | |
| 开本: | 26cm | |
| 丛书名: | ||
| 单 册: | ||
| 中图分类: | G35-53 | |
| 科图分类: | ||
| 主题词: | 图书馆工作--中国--文集 , 情报工作--中国--文集 | |
| 电子资源: | ||
| ISBN: | 7-80109-116-7 | |
| 000 | 00896nam0 2200265 45 | |
| 001 | 0197003428 | |
| 005 | 20170504144857.96 | |
| 010 | @a7-80109-116-7@b精装@dCNY150.00 | |
| 100 | @a19970212d1996 kemy0chiy0121 ea | |
| 101 | 0 | @achi |
| 102 | @aCN@b110000 | |
| 105 | @ay z 011yy | |
| 200 | 10 | @a中国图书情报工作文库@Azhong guo tu shu qing bao gong zuo wen ku@h第二卷@f辛希孟主编 |
| 210 | @a北京@c中央编译出版社@d1996 | |
| 215 | @a5卷(6811页)@d26cm | |
| 300 | @a献给第62届国际图联大会(北京·1996),中国科技信息事业创建40周年 | |
| 300 | @a并列题名:Essays on library and information service | |
| 510 | 1 | @aEssays on library and information service@zeng |
| 540 | 1 | @a图书 情报@Atu shu qing bao |
| 606 | @a图书馆工作@y中国@x文集 | |
| 606 | @a情报工作@y中国@x文集 | |
| 690 | @aG35-53@v3 | |
| 701 | 0 | @a辛希孟@Axin xi meng@4主编 |
| 801 | 0 | @aCN@bTSSF@c20061028 |
| 905 | @a10447@dG25-53@e75:2 | |
| 中国图书情报工作文库.第二卷/辛希孟主编.-北京:中央编译出版社,1996 |
| 5卷(6811页);26cm |
| 献给第62届国际图联大会(北京·1996),中国科技信息事业创建40周年.-并列题名:Essays on library and information service |
| ISBN 7-80109-116-7(精装):CNY150.00 |
| ● |
| 相关链接 |
|
|
|
|
正题名:中国图书情报工作文库
索取号:G25-53/75:2
 
预约/预借
| 序号 | 登录号 | 条形码 | 馆藏地/架位号 | 状态 | 备注 |
| 1 | 0281735 | 002817358 | 第一样本阅览室/ [索取号:G25-53/75:2] | 在馆 | |
| 2 | 0625471 | 206254710 | 第四借阅区/ [索取号:G25-53/75:2] | 在馆 |